| Поле | Инд. | ПП | Название | Значение |
|---|---|---|---|---|
| Тип записи | a | |||
| Библиографический уровень | m | |||
| 001 | Контрольный номер | DU/598546800 | ||
| 005 | Дата корректировки | 20250717143604.1 | ||
| 008 | Кодируемые данные | 20181219 | ||
| 022 | 0_ | a | ISSN | 0131-2332 |
| 041 | a | Код языка текста | rus | |
| 084 | a | Индекс другой классификации/Индекс ББК | 83.3(2=411.2)6; 84(2=411.2)6; 66.0; 66.3; 38; 86.372 | |
| 090 | a | Полочн. индекс | 95.2 | |
| x | Авторский знак | М 821 | ||
| 099 | a | Индекс | 73253 | |
| 245 | 10 | a | Заглавие | Москва |
| n | Номер части/ раздела | №12/2018 | ||
| b | Продолж. заглавия | журнал русской культуры | ||
| c | Ответственность | учредители: Союз писателей России [и др.] ; гл. ред. В. В. Артемов | ||
| 260 | c | Дата издания | 2018 | |
| b | Издательство | Москва | ||
| a | Место издания | Москва | ||
| 300 | a | Объем | 240 с. | |
| 500 | a | Примечание | Журнал | |
| 505 | a | Форматированное содержание | В период позднего мезолита | |
| b | Автор | Пахомов Ю. Н. | ||
| n | Доп. информация | Повесть | ||
| 505 | 0_ | a | Форматированное содержание | Простые истины |
| b | Автор | Галамага А. А. | ||
| n | Доп. информация | Стихи | ||
| 505 | 0_ | a | Форматированное содержание | Император |
| b | Автор | Артемов В. | ||
| n | Доп. информация | Роман. Продолжение. Начало в №11/2018 | ||
| 505 | 0_ | a | Форматированное содержание | Грозовые ливни |
| b | Автор | Артис Д. | ||
| n | Доп. информация | Стихи | ||
| 505 | 0_ | a | Форматированное содержание | Вспоминая комсомол |
| b | Автор | Гореловский Г. А. | ||
| n | Доп. информация | Рассказ | ||
| 505 | 0_ | a | Форматированное содержание | Три слова |
| b | Автор | Мельников В. С. | ||
| n | Доп. информация | Стихи | ||
| 505 | 0_ | a | Форматированное содержание | Видимая угроза |
| b | Автор | Атаев А. В. | ||
| n | Доп. информация | Дилатация (расширение) социальной базы терроризма в условиях нонконформизма гражданского общества | ||
| 505 | 0_ | a | Форматированное содержание | Пятиэтажки Москвы |
| b | Автор | Комаров Ю. Т. | ||
| 505 | 0_ | a | Форматированное содержание | Сцены из деревенской жизни |
| b | Автор | Молчанова С. В. | ||
| n | Доп. информация | Крестьянская трагедия в поэзии Николая Тряпкина. К 100-летию со дня рождения Н.И. Тряпкина | ||
| 505 | 0_ | a | Форматированное содержание | Человек-эпоха |
| b | Автор | Замлелова С. | ||
| n | Доп. информация | К юбилею А.М. Горького | ||
| 505 | 0_ | a | Форматированное содержание | Усадская голгофа Василия Ивановича Лыкова |
| b | Автор | Пальчиков П. А. | ||
| 505 | 0_ | a | Форматированное содержание | Владимир Шухов - главный инженер Москвы |
| b | Автор | Васькин А. | ||
| n | Доп. информация | Избранные главы из книги "Владимир Шухов" серии "ЖЗЛ". Продолжение. Начало в №11/2018 | ||
| 505 | 0_ | a | Форматированное содержание | Томос стамбульского патриарха и его последствия для мирового Православия |
| b | Автор | Каверин Н. | ||
| 505 | 0_ | a | Форматированное содержание | Учитель подлинного покаяния |
| b | Автор | Духанин В. | ||
| n | Доп. информация | Памяти архимандрита Лазаря (Абашидзе) | ||
| 600 | a | Персоналии | Горький Алексей Максимович | |
| a | Персоналии | Лазарь, архимандрит (Абашидзе) | ||
| a | Персоналии | Лыков Василий Иванович | ||
| a | Персоналии | Тряпкин Николай Иванович | ||
| a | Персоналии | Шухов Владимир Григорьевич | ||
| 650 | 14 | a | Основная рубрика | литературоведение |
| a | Основная рубрика | художественная литература | ||
| 653 | a | Ключевые слова | 1930-е годы | |
| a | Ключевые слова | XX век | ||
| a | Ключевые слова | XXI век | ||
| a | Ключевые слова | Всеправославный собор | ||
| a | Ключевые слова | градостроительная политика | ||
| a | Ключевые слова | гражданское общество | ||
| a | Ключевые слова | деревни тема | ||
| a | Ключевые слова | дилатация | ||
| a | Ключевые слова | жилищная политика | ||
| a | Ключевые слова | Константинопольский патриархат | ||
| a | Ключевые слова | Костромская область | ||
| a | Ключевые слова | литературная критика | ||
| a | Ключевые слова | Москва | ||
| a | Ключевые слова | некоммерческие организации (НКО) | ||
| a | Ключевые слова | неполитические общественные организации | ||
| a | Ключевые слова | нонконформизм | ||
| a | Ключевые слова | панельные дома | ||
| a | Ключевые слова | политические репрессии | ||
| a | Ключевые слова | православие | ||
| a | Ключевые слова | протестантизм | ||
| a | Ключевые слова | реконструкция домов | ||
| a | Ключевые слова | Россия | ||
| a | Ключевые слова | русская литература | ||
| a | Ключевые слова | русская литературная критика | ||
| a | Ключевые слова | русская поэзия | ||
| a | Ключевые слова | тема деревни | ||
| a | Ключевые слова | терроризм | ||
| a | Ключевые слова | террористические организации | ||
| a | Ключевые слова | Украина | ||
| a | Ключевые слова | Украинская церковь | ||
| a | Ключевые слова | Юлианский календарь | ||
| 655 | a | Жанр/ форма (устаревшее) | проза | |
| a | Жанр/ форма (устаревшее) | поэзия | ||
| a | Жанр/ форма (устаревшее) | повесть | ||
| a | Жанр/ форма (устаревшее) | рассказ | ||
| a | Жанр/ форма (устаревшее) | роман | ||
| a | Жанр/ форма (устаревшее) | публицистика | ||
| a | Жанр/ форма (устаревшее) | стихотворение | ||
| 700 | a | Автор | Пахомов Ю. Н. | |
| q | Полное имя | Пахомов Юрий Николаевич | ||
| 700 | 1_ | a | Автор | Галамага А. А. |
| q | Полное имя | Галамага Андрей Аркадьевич | ||
| 700 | 1_ | a | Автор | Артемов В. |
| q | Полное имя | Артемов Владислав | ||
| 700 | 1_ | a | Автор | Артис Д. |
| q | Полное имя | Артис Дмитрий | ||
| u | Дополнение к имени | Краснов-Немарский Дмитрий Юрьевич | ||
| 700 | 1_ | a | Автор | Гореловский Г. А. |
| q | Полное имя | Гореловский Георгий Александрович | ||
| 700 | 1_ | a | Автор | Мельников В. С. |
| q | Полное имя | Мельников Виктор Семенович | ||
| 700 | 1_ | a | Автор | Атаев А. В. |
| q | Полное имя | Атаев Артур Викторович | ||
| 700 | 1_ | a | Автор | Комаров Ю. Т. |
| q | Полное имя | Комаров Юрий Тимофеевич | ||
| 700 | 1_ | a | Автор | Молчанова С. В. |
| q | Полное имя | Молчанова Светлана Владимировна | ||
| 700 | 1_ | a | Автор | Замлелова С. |
| q | Полное имя | Замлелова Светлана | ||
| u | Дополнение к имени | Макеева Светлана Георгиевна | ||
| 700 | 1_ | a | Автор | Пальчиков П. А. |
| q | Полное имя | Пальчиков Павел Александрович | ||
| 700 | 1_ | a | Автор | Васькин А. |
| q | Полное имя | Васькин Александр | ||
| 700 | 1_ | a | Автор | Каверин Н. |
| q | Полное имя | Каверин Николай | ||
| 700 | 1_ | a | Автор | Духанин В. |
| q | Полное имя | Духанин Валерий | ||
| 773 | 08 | w | Контрольный № источника | RU/IS/BASE/409751016 |
| 901 | t | Тип документа | s | |
| 952 | a | Тип литературы для КСУ ВШ | ЛХЖ | |
| 991 | s | 6 |